[Event "IECG CP.2000.P.00074"]
[Site "IECG email"]
[Date "2000.10.01"]
[Round "?"]
[White "Amborg, Stephen"]
[Black "De Silva, Dinesh"]
[Result "1/2-1/2"]
[WhiteElo "2250"]
[BlackElo "2086"]
[PlyCount "63"]
[EventDate "2000.10.01"]
[EventType "tourn (corr)"]
[EventRounds "6"]
[EventCountry "SRI"]
[SourceTitle "Corr 2008"]
[Source "ChessBase"]
[SourceDate "2008.06.24"]
[SourceVersion "1"]
[SourceVersionDate "2008.06.24"]
[SourceQuality "1"]

1. d4 Nf6 2. c4 g6 3. Nc3 Bg7 4. e4 d6 5. f4 0-0 6. Nf3 Na6 7. Bd3 e5 8. fxe5 dxe5 9. d5 c6 10. 0-0 Qb6+ 11. Kh1 Ng4 12. Qe2 Nb4 13. Bb1 cxd5 14. cxd5 f5 15. a3 fxe4 16. Bxe4 Qa6 17. Bg5 Qxe2 18. Nxe2 Na6 19. Be7 Re8 20. d6 Nc5 21. Bd5+ Be6 22. Bxe6+ Nxe6 23. Ng3 Bf8 24. Bxf8 Rxf8 25. Rae1 Rad8 26. Ne4 Nf6 27. Nd4 Nf4 28. Ne6 Nxe6 29. Nxf6+ Kg7 30. Ne4 Rxf1+ 31. Rxf1 Rc8 32. b4 1/2-1/2

[Event "IECG CP.2000.P.00074"]
[Site "IECG email"]
[Date "2000.10.01"]
[Round "?"]
[White "Amborg, Stephen"]
[Black "Vercammen, Robert"]
[Result "1/2-1/2"]
[WhiteElo "2250"]
[BlackElo "2043"]
[PlyCount "50"]
[EventDate "2000.10.01"]
[EventType "tourn (corr)"]
[EventRounds "6"]
[EventCountry "SRI"]
[SourceTitle "Corr 2008"]
[Source "ChessBase"]
[SourceDate "2008.06.24"]
[SourceVersion "1"]
[SourceVersionDate "2008.06.24"]
[SourceQuality "1"]

1. d4 e6 2. c4 d5 3. Nc3 c6 4. Nf3 dxc4 5. a4 Bb4 6. e3 b5 7. Bd2 a5 8. axb5 Bxc3 9. Bxc3 cxb5 10. b3 Bb7 11. d5 Nf6 12. bxc4 b4 13. Bxf6 Qxf6 14. Qa4+ Nd7 15. Nd4 e5 16. Nb3 Ke7 17. Be2 Rhc8 18. 0-0 Nc5 19. Nxc5 Rxc5 20. Rad1 Kf8 21. f4 Rd8 22. Kh1 Kg8 23. Qa1 Re8 24. Qa4 Rd8 25. Qa1 Re8 1/2-1/2

[Event "IECG CP.2000.P.00074"]
[Site "IECG email"]
[Date "2000.10.01"]
[Round "?"]
[White "Weber, Carsten"]
[Black "Amborg, Stephen"]
[Result "0-1"]
[WhiteElo "1702"]
[BlackElo "2250"]
[PlyCount "44"]
[EventDate "2000.10.01"]
[EventType "tourn (corr)"]
[EventRounds "6"]
[EventCountry "SRI"]
[SourceTitle "Corr 2008"]
[Source "ChessBase"]
[SourceDate "2008.06.24"]
[SourceVersion "1"]
[SourceVersionDate "2008.06.24"]
[SourceQuality "1"]

1. d4 d5 2. c4 e6 3. Nf3 c6 4. e3 Nf6 5. Nc3 Nbd7 6. Bd3 dxc4 7. Bxc4 b5 8. Bd3 b4 9. Ne4 Be7 10. 0-0 0-0 11. Qc2 Bb7 12. Nxf6+ Nxf6 13. e4 h6 14. Be3 Rc8 15. Rfd1 c5 16. dxc5 Ng4 17. Bd4 e5 18. a3 bxa3 19. Nxe5 Qxd4 20. Nxg4 Rxc5 21. Qe2 axb2 22. Rab1 Rd8 0-1

[Event "IECG CM.2000.0.00118"]
[Site "IECG email"]
[Date "2000.09.17"]
[Round "?"]
[White "Roger, Mehdi"]
[Black "Amborg, Stephen"]
[Result "1/2-1/2"]
[WhiteElo "2200"]
[BlackElo "2250"]
[PlyCount "53"]
[EventDate "2000.09.17"]
[EventType "tourn (corr)"]
[EventRounds "6"]
[SourceTitle "Corr 2008"]
[Source "ChessBase"]
[SourceDate "2008.06.24"]
[SourceVersion "1"]
[SourceVersionDate "2008.06.24"]
[SourceQuality "1"]

1. e4 c5 2. Nf3 Nc6 3. d4 cxd4 4. Nxd4 g6 5. c4 Nf6 6. Nc3 d6 7. Be2 Nxd4 8. Qxd4 Bg7 9. Be3 0-0 10. Qd2 Be6 11. 0-0 a6 12. Rab1 Qa5 13. b3 Rfc8 14. Rfc1 Rab8 15. f3 Kf8 16. b4 Qd8 17. Nd5 b5 18. a3 Bd7 19. c5 dxc5 20. bxc5 Bc6 21. Nb4 Qxd2 22. Bxd2 Ra8 23. Rc2 Nd7 24. Be3 e6 25. Rd1 Nb8 26. Rcd2 Bf6 27. e5 1/2-1/2